00561 2200205 4500001002100000005001500021035002000036007000300056008004100059020002200100082001100122084001700133100001100150245005100161260004500212300004500257650001200302856003000314990001100344INLIS00000000000022120231106101010 a0010-1123000004ta231106 g 0 ind  a978-602-71644-4-4 a633.34 a633.34 YAR k0 aYardha1 aKedelai :bTeknologi Perbanyakan Benih Kedelai aBukittinggi :bKristal Multimedia,c2015 avi,; 61 hlm :billus, ;c14,5 cm x 20 cm 4aKedelai aperpustakaan bpsip sumbar a947/20